000 00557nam a2200193 i 4500
001 103565
003 ES-MaACL
005 20230906183410.0
007 t|
008 060417s1963 pr ||||1| spa d
020 _a84-283-0673-7
080 _a821.1.34.2(729.5)-221"19"
100 1 _aMarqués, René.
_976982
245 1 3 _aLa carreta
_b: drama en tres actos /
_cRené Marqués.
250 _a12ª ed.
260 _aRío Piedras, Puerto Rico :
_bEdit. Cultural,
_c1963.
300 _aXXXI, 172 p. ;
_c21 cm.
852 _aES-MaACL
_jC-56886
_bR.137435
999 _c103565
_d103565